| 000 | 00570nam a2200181Ia 4500 | ||
|---|---|---|---|
| 008 | 140626s9999 xx 000 0 und d | ||
| 100 | _aJoslyn, Susan. | ||
| 245 |
_aReducing probabilistic weather forecasts to the worst-case scenario : _banchoring effects / _cSusan Joslyn ... [et al.]. |
||
| 260 | _cc2011. | ||
| 300 | _a17 : 4, page 342 | ||
| 440 | _aJournal of Experimental Psycholgy : Applied | ||
| 521 | _aPSYCH | ||
| 650 | _aAnchoring effect. | ||
| 650 | _aPredictive interval. | ||
| 650 | _aUncertainty. | ||
| 650 | _aWeather forecasting. | ||
| 942 | _cSE | ||
| 999 |
_c121327 _d121327 |
||